LEADER 01507nam a2200265 i 4500 001 000000212709 003 CaOOAMICUS 005 20220304122538.0 008 120424s1752 xxk u000 u eng u 013 $a191557 026 $anda- m:as n.he inse (3) 1752 (R) 040 $aSeMil$bita 100 1 $aMilton, John,$d<1608-1674>.$0(OLS)http://semarc/name/11532 245 10$aParadise regain'd. A poem, in four books. To which is added Samson Agonistes: and poems upon several occasions. The author John Milton. 250 $aA new edition, with notes of varios authors, by Thomas Newton, D.D. 260 $aLondon :$bprinted for J. and R. Tonson and S. Draper in the Strand,$c1752. 300 $a[8], 690 p., [7] carte di tav. :$b1 ritr., ill. ;$c4°. 500 $aRitr. di Milton sott. G. Vertue sculpsit 1751. - Ill. sott. Hayman, Müller, Grignon 700 1 $aTonson, Jacob & Tonson, Richard & Draper, Somerset,$c.$0(OLS)http://semarc/name/12011 700 1 $aVertue, George,$c.$0(OLS)http://semarc/name/54703 850 $aSeMil 852 $aSeMil$W1$xVenegono$y1$m1V VII 1 FA$j163143$B163143$CSeMilBibl$Z2$F174268 $8I 996 $6245$aParadise regain'd. A poem, in four books. To which is added Samson Agonistes: and poems upon several occasions. The author John Milton$9(OLS)http://semarc/title/306954 996 $6260$aLondon :$bprinted for J. and R. Tonson and S. Draper in the Strand$9(OLS)http://semarc/publisher/52689 LEADER 01133nam a2200217 i 4500 001 000000204729 003 CaOOAMICUS 005 20110803000000.0 008 110803s1781 it u000 u ita u 013 $a183457 026 $adini leue s-l' erto (3) 1781 (R) 040 $aSeMil$bita 245 10$aOpuscoli filosofici. 260 $aIn Milano :$bAppresso Giuseppe Galeazzi r. stampatore,$c1781. 300 $a[8], 118, [2] p. ;$c8°. 500 $aIl nome dell'autore figura in calce alla dedica a c. pg4v. - Segn.: pg4 A-F8 G12. - Contiene, come elencato sul front.: Delle influenze meteorologiche della luna; Dei conduttori elettrici; Dell'azione dell'olio nell'acqua; Del calore superficiale, e centrale della terra; Dei fiumi sotterranei. - Legato insieme a 1L-V-19 FA. 700 1 $aFrisi, Paolo,$d<1728-1784>.$0(OLS)http://semarc/name/71088 850 $aSeMil 852 $aSeMil$W1$xVenegono$y1$m1L V 24 FA$j155223$B155223$CSeMilBibl$Z2$F166128 $8I 996 $6245$aOpuscoli filosofici$9(OLS)http://semarc/title/18573 996 $6260$aIn Milano :$bAppresso Giuseppe Galeazzi r. stampatore$9(OLS)http://semarc/publisher/31443